Vocabulaire d'Anglais (Mort Subite) - Statistiques

Statistiques générales
  • Ce quiz a été pris 432 fois
  • Le résultat moyen est 9 sur 19
Answers on the Grid
Answers color-coded by a green-red scale on the quiz's grid according to % correct below.

Frère / Brother

Venir / To come

Clé à molette / Wrench

Près de / Near

Pont / Bridge

Petit-déjeuner / Breakfast

Marron / Brown

Lit / Bed

Plombier / Plumber

Pêche / Fishing

Chapeau / Hat

Douze / Twelve

Hiver / Winter

Vache / Cow

Pourquoi / Why

Bagage / Luggage

Moucheron / Gnat

Nuisible / Harmful

Arbitre / Referee

Grossesse / Wedding

Os / Skin

Permis de conduire / Driving permission

Peigne / Painter

Raisin / Grapefruit

Suisse / Sweden

Verre / Stone

Voir / To hear

Collier / Ring

 
Statistiques - réponses
Réponse % Correct

Chapeau / Hat

61%

Frère / Brother

61%

Hiver / Winter

60%

Vache / Cow

60%

Lit / Bed

59%

Marron / Brown

59%

Pont / Bridge

59%

Pourquoi / Why

59%

Douze / Twelve

57%

Venir / To come

56%

Petit-déjeuner / Breakfast

53%

Pêche / Fishing

49%

Près de / Near

48%

Bagage / Luggage

42%

Arbitre / Referee

40%

Plombier / Plumber

32%

Nuisible / Harmful

16%

Clé à molette / Wrench

11%

Moucheron / Gnat

5%
Aucun quiz correspondant
Distribution des résultats
% des personnes avec chaque résultat
Percentile par nombre de réponses
Votre historique - résultats
Vous n’avez pas pris ce quiz